|
|
|
|
| LEADER |
00000nam0a2200000 4500 |
| 001 |
268178 |
| 005 |
20231101234138.0 |
| 035 |
|
|
|a (RuTPU)RU\TPU\book\291310
|
| 090 |
|
|
|a 268178
|
| 100 |
|
|
|a 20140828d1986 m y0rusy50 ca
|
| 101 |
0 |
|
|a rus
|
| 102 |
|
|
|a RU
|
| 105 |
|
|
|a a j 001zy
|
| 200 |
0 |
|
|a Ч. III : Программное обеспечение микропроцессоров и микроЭВМ
|
| 210 |
|
|
|d 1986
|
| 215 |
|
|
|a 69 с.
|c ил.
|
| 320 |
|
|
|a Библиогр.: с. 68.
|
| 461 |
|
|
|t Микропроцессоры в технике связи
|o учебное пособие
|f Ю. Т. Бутыльский
|g Ленинградский электротехнический институт связи им. М. А. Бонч-Бруевича
|v Ч. III : Программное обеспечение микропроцессоров и микроЭВМ
|d 1986
|
| 606 |
1 |
|
|a Микропроцессоры
|x Применение в технике электросвязи
|2 stltpush
|3 (RuTPU)RU\TPU\subj\43724
|9 63184
|
| 610 |
1 |
|
|a программное обеспечение
|
| 610 |
1 |
|
|a структура
|
| 610 |
1 |
|
|a микропроцессорные системы
|
| 610 |
1 |
|
|a программирование
|
| 610 |
1 |
|
|a реализация
|
| 610 |
1 |
|
|a учебные пособия
|
| 675 |
|
|
|a 621.39:681.3(075.8)
|v 3
|
| 801 |
|
1 |
|a RU
|b 63413507
|c 20140828
|
| 801 |
|
2 |
|a RU
|b 63413507
|c 20151126
|g RCR
|
| 942 |
|
|
|c BK
|